=LDR 00000nam 2200000 4500 =001 INLIS000000000002650 =005 20130612090955 =008 ***********************************Ind** =035 ##$$0010-061300000002650 =041 ##$$a Ind =082 ##$$a 646.404 =090 ##$$a 646.404, Pus a =100 ##$$a Puspo, Gut =245 ##$$a Aneka blus (blouses), Goet Poespo =260 ##$$a 2000 $b Yogyakarta =300 ##$$a vii, 62 hlm, ilus, 21 cm =650 ##$$a Pakaian Wanita (Blus) =850 ##$$a NBPNMAT